Detalles MARC
| 000 -ENCABEZADO |
| Número de control [NR] |
02730 a2200337 4500 |
| 005 - FECHA Y HORA DE LA ÚLTIMA TRANSACCIÓN |
| control field |
20140519150905.0 |
| 008 - DE LONGITUD FIJA DE DATOS DE ELEMENTOS - INFORMACIÓN GENERAL |
| Elementos de longitud fija [NR] |
140516s2010 ag g q mlmul d |
| 040 ## - FUENTE DE CATALOGACION [NR] |
| Agencia de catalogación original [NR] |
CO-BoUCM |
| Idioma de catalogación [NR] |
spa |
| Quien Cataloga |
|
| Quien Clasifica |
Aldemar Mondragón |
| 041 ## - CODIGO DE IDIOMA [R] |
| Código de idioma para texto/pista de sonido o título separado [R] |
Inglés |
| 041 ## - CODIGO DE IDIOMA [R] |
| Código de idioma para texto/pista de sonido o título separado [R] |
Español |
| 092 ## - SIGNATURA TOPOGRAFICA LOCAL |
| Número de clasificación local |
DVD 1417 |
| 245 03 - MENCION DE TITULO [NR] |
| Título [NR] |
El Origen |
| Mención de responsabilidad, etc. [NR] |
Christopher Nolan, director |
| Medio físico [NR] |
[DVD] |
| 246 13 - FORMA VARIANTE DEL TITULO [R] |
| Título propiamente dicho/forma breve del título [NR] |
Inception |
| 260 ## - PUBLICACION, DISTRIBUCION, ETC. (PIE DE IMPRENTA) [R] |
| Lugar de publicación, distribución, etc. [R] |
Buenos Aires (Argentina) |
| Nombre del editor, distribuidor, etc. [R] |
Warner Bros. Pictures |
| Fecha de publicación, distribución, etc. [R] |
2010 |
| 300 ## - DESCRIPCION FISICA [R] |
| Extensión [R] |
1 DVD, 148 minutos |
| Otros detalles físicos [NR] |
imagen, sonido, color |
| 500 ## - NOTA GENERAL [R] |
| Nota general [NR] |
SINOPSIS: Dom Cobb es un hábil ladrón, el mejor de lo mejor en el peligroso arte de la extracción, el robo de secretos valiosos desde las profundidades del subconsciente durante el estado de sueño, cuando la mente está en su punto más vulnerable. Su habilidad lo ha transformado en un jugador codiciado dentro del espionaje corporativo, pero también lo ha convertido en un fugitivo y le ha costado caro. Ahora a Cobb se le ofrece una oportunidad de redención. Con un último trabajo podría recuperar su vida anterior, pero solamente si logra lo imposible: el origen. En lugar del robo perfecto, Cobb y su equipo de especialistas tienen que llevar a cabo el crimen perfecto: su tarea no es robar una idea sino implantar una. Pero no existe plan o conocimiento que pueda prepararlos para enfrentar a un ´peligroso enemigo que parece predecir cada paso que dan. Un enemigo que sólo Cobb podría prevenir [Tomado de la fuente] |
| 508 ## - NOTA DE CREDITOS DE CREACION/PRODUCCION [R] |
| Nota de créditos de creación/producción [NR] |
CRÉDITOS: Escrita y dirigida por Christopher Nolan ; producida por Chris Brigham ; música por Hans Zimmer ; fotografía por Wally Pfister ; Diseño de producción por Guy Hendrix Dyas ; dirección de arte por Brad Ricker ; ambientación por Larry Dias y Douglas A. Mowat ; vestuario por Jeffrey Kurland |
| 511 0# - NOTA DE PARTICIPANTE O INTERPRETE [R] |
| Nota de participante o intérprete [NR] |
REPARTO: Leonardo DiCaprio, Joseph Gordon-Levitt, Ellen Page, Tom Hardy, Ken Watanabe, Dileep Rao, Cillian Murphy, Tom Berenger, Marion Cotillard, Michael Caine |
| 546 ## - NOTA DE IDIOMA [R] |
| Nota de idioma [NR] |
Audio en inglés, francés y español. Subtítulos en inglés, francés y español |
| 586 ## - NOTA DE PREMIOS [R] |
| Nota de premios [NR] |
Ganadora de cuatro premios Oscar de la Academia, 2011 (mejor fotografía, mezcla de sonido, edición de sonido, efectos visuales) |
| 650 #7 - ASIENTO SECUNDARIO DE MATERIA - TERMINO TEMATICO [R] |
| 9 (RLIN) |
51325 |
| Término temático o nombre geográfico como elemento de entrada [NR] |
Películas de ciencia ficción |
| Subdivisión de forma [R] |
DVD |
| 650 #7 - ASIENTO SECUNDARIO DE MATERIA - TERMINO TEMATICO [R] |
| 9 (RLIN) |
51342 |
| Término temático o nombre geográfico como elemento de entrada [NR] |
Películas de acción |
| Subdivisión de forma [R] |
DVD |
| 690 ## - ASUNTO AGREGADO LOCAL DE ENTRADA - TÉRMINO TEMÁTICO (OCLC, RLIN) |
| 9 (RLIN) |
42805 |
| Acceso temático local |
Entretenimiento |
| 700 1# - ASIENTO SECUNDARIO - NOMBRE PERSONAL [R] |
| Nombre personal [NR] |
Nolan, Christopher |
| Término de relación [R] |
director |
| 9 (RLIN) |
61221 |
| 710 2# - ASIENTO SECUNDARIO - NOMBRE CORPORATIVO [R] |
| Nombre corporativo o de jurisdicción como elemento de entrada [NR] |
Warner Bros. Pictures |
| 9 (RLIN) |
41920 |
| 710 2# - ASIENTO SECUNDARIO - NOMBRE CORPORATIVO [R] |
| Nombre corporativo o de jurisdicción como elemento de entrada [NR] |
Legendary Pictures |
| 9 (RLIN) |
60698 |
| 710 2# - ASIENTO SECUNDARIO - NOMBRE CORPORATIVO [R] |
| Nombre corporativo o de jurisdicción como elemento de entrada [NR] |
Syncopy |
| 9 (RLIN) |
61222 |
| 765 0# - ASIENTO DE IDIOMA ORIGINAL [R] |
| Título [NR] |
Inception |
| 856 40 - LOCALIZACION Y ACCESO ELECTRONICOS [R] |
| Identificador Uniforme del Recurso (“URI”) [R] |
<a href="https://www.youtube.com/watch?v=YoHD9XEInc0">https://www.youtube.com/watch?v=YoHD9XEInc0</a> |
| Nota dirigida al público [R] |
Siga este enlace para ver el trailer |
| -- |
Trailer tomado del canal MOVIECLIPS Classic Trailers vía YouTube.com |
| 942 ## - ELEMENTOS DE ENTRADA AGREGADOS (KOHA) |
| Source of classification or shelving scheme |
LOCAL |
| Tema principal |
Entretenimiento |
| Koha item type |
Multimedia |
| Edition |
1 |